000
00217 a2200097 4500
001
13759
100
_a
Taylor A
245
_a
The Man and the Statements
260
_a
London
_b
Hamish Hamilton
_c
090
_c
10753
_d
10753
942
_a
NUST-CAE
_c
M
_c
840
999
_c
248832
_d
248832